000 00445nam a2200181Ia 4500
001 14861
005 20260306164945.0
008 260306t1995||||xx |||||||||||||| ||spa||
041 _aESP
082 _a519.5
_bCH522
100 _aChao, Lincoln L.
_eAUT
245 0 _aEstadĂ­stica para las ciencias administrativas
260 _c1995
300 _ax, 464 páginas :
_c23 cm.
650 _aGEN
654 _aCMA
942 _cLIB
_dJUS
_fJUS
_2ddc
_n
999 _c14861
_d14861